The Hippo Girl And Other Stories/ (Record no. 202659)

MARC details
000 -LEADER
fixed length control field 00572nam a22001817a 4500
005 - DATE AND TIME OF LATEST TRANSACTION
control field 20240506103457.0
010 ## - LCCN (DPL NO)
LC control number ENG-140285
020 ## - INTERNATIONAL STANDARD BOOK NUMBER
Terms of availability 399.00
International Standard Book Number 9789357313841
035 ## - SYSTEM CONTROL NUMBER
System control number EN-123817
037 ## - SOURCE OF ACQUISITION
Source of stock number/acquisition DBAD
082 ## - DEWEY DECIMAL CLASSIFICATION NUMBER
Classification number S
100 ## - MAIN ENTRY--PERSONAL NAME
Personal name Ashrafi, Shah Tazrian
245 ## - TITLE STATEMENT
Title The Hippo Girl And Other Stories/
Statement of responsibility, etc By Shah Tazrian Ashrafi
260 ## - PUBLICATION, DISTRIBUTION, ETC. (IMPRINT)
Place of publication, distribution, etc Gurugram
Name of publisher, distributor, etc Hachette Book Publishing India Pvt.Ltd
Date of publication, distribution, etc 2021
270 ## - ADDRESS
Address 4th & 5th Floors ,Corporate Center Plot No. 94, Sector 44,
City Gurugram
Postal code 122003
300 ## - PHYSICAL DESCRIPTION
Extent 184 p.:
Dimensions 20cm(pb)
942 ## - ADDED ENTRY ELEMENTS (KOHA)
Source of classification or shelving scheme Dewey Decimal Classification
Item type English Books
Classification part S
Call number suffix ASH
Holdings
Withdrawn status Lost status Not for loan Collection code Home library Current library Date acquired Source of acquisition Cost, normal purchase price Full call number Barcode Copy number Cost, replacement price Koha item type
      Fiction Ashok Vihar Ashok Vihar 03/05/2024 DBAD 399.00 S ASH EN-123817 1 399.00 English Books

© Delhi Public Library
Hit Counter
free hit counter